Lecciones de Derecho público general: impartidas en la facultad de Derecho de la Universidad egipcia durante los meses de enero, febrero y marzo de 1926
Guardado en:
| Autor principal: | |
|---|---|
| Formato: | Desconocido |
| Lenguaje: | inglés español |
| Publicado: |
Madrid, España
Marcial Pons
2011
|
| Colección: | Colección Teoría Constitucional y Derecho
|
| Materias: | |
| Etiquetas: |
Agregar Etiqueta
Sin Etiquetas, Sea el primero en etiquetar este registro!
|
MARC
| LEADER | 00000 a2200000 4500 | ||
|---|---|---|---|
| 003 | CL-VaPUC | ||
| 005 | 20220114083130.0 | ||
| 008 | 200120b ||||| |||| 00| 0 eng d | ||
| 999 | |c 376432 |d 376430 | ||
| 020 | |a 9788497689076 | ||
| 040 | |c Pontificia Universidad Católica de Valparaíso | ||
| 041 | 0 | |a spa | |
| 082 | |a 342 DUG 2011 | ||
| 100 | |a Duguit, León |9 520633 | ||
| 245 | 1 | 0 | |a Lecciones de Derecho público general: |b impartidas en la facultad de Derecho de la Universidad egipcia durante los meses de enero, febrero y marzo de 1926 |
| 260 | 3 | |b Marcial Pons |c 2011 |a Madrid, España | |
| 300 | |a 211 páginas | ||
| 490 | 0 | 0 | |a Colección Teoría Constitucional y Derecho |
| 505 | 0 | |a Lección inaugural. Las Ciencias Sociales, su objeto y su método. Segunda lección. La regla del Derecho y la cuestión del Derecho subjetivo. Tercera lección. Los elementos del ordenamiento jurídico. Cuarta lección. El acto jurídico en general, sus elementos. Los actos jurídicos plurilaterales. Quinta lección. El sujeto de Derecho. La cuestión de la personalidad colectiva. Sexta lección. El problema del Estado. La solucióin metafísica y el concepto de soberanía. Séptima lección. El problema del Estado. La imposibilidad de la solución metafísica. Octava lección. El problema del Estado. La solución realista; de cómo sólo ésta puede dar un fundamento al poder del Estado y al límite de este poder. La noción de servicio público. Novena lección. Las funciones del estado. Décima lección. La función administrativa y la función jurisdiccional. Undécima lección. Los órganos del Estado y la separación de poderes. Duodécima lección. Los órganos representativos y la teoría de la representación política. Décimo tercera lección. Los agentes del Estado. Décimo cuarta lección. La limitación de los poderes del Estado. Décimo quinta lección. El principio de legalidad. Cómo debe garantizarse. | |
| 583 | |k Hugo Gaete |c 20200120 | ||
| 650 | 0 | 0 | |a Derecho público |9 255910 |
| 650 | 0 | 0 | |a Ordenamiento jurídico |9 355371 |
| 650 | 0 | 0 | |a Separación de poderes |9 376385 |
| 650 | 0 | 0 | |a Poderes del estado |9 377457 |
| 942 | |2 ddc |c BK | ||
| 952 | |0 0 |1 0 |2 ddc |4 0 |6 342_000000000000000_DUG_2011 |7 0 |9 495848 |a BIBDER |b BIBDER |d 2020-01-07 |e 36 |g 18492.00 |i 5571510 |o 342 DUG 2011 |p 5571510 |r 2023-01-25 |t 1 |v 18492.00 |w 2020-01-07 |y BK |k DER | ||